Jornades sobre ports i la regeneració de platges
Publicado:
Barcelona :
Diputació de Barcelona. Àrea de Medi Ambient ; Premià de Mar : Ajuntament de Premià de Mar. Medi Ambient ,
1998
Descripción Física:
[47] f., [5] f. solts ; 29 cm
Otros Autores:
Premià de Mar. Medi Ambient
MARC
| LEADER | 00000nam a2200000Ia 4500 | ||
|---|---|---|---|
| 001 | 23567 | ||
| 008 | 160829s1998 xx 000 0 cat d | ||
| 080 | |a C-3-405 | ||
| 245 | |a Jornades sobre ports i la regeneració de platges | ||
| 260 | |a Barcelona : |b Diputació de Barcelona. Àrea de Medi Ambient ; Premià de Mar : |b Ajuntament de Premià de Mar. Medi Ambient, |c 1998 | ||
| 300 | |a [47] f., [5] f. solts ; |c 29 cm | ||
| 590 | |a Celebrat a l'Auditori de Can Maristanya a Premià de Mar, els dies 7 i 14 de març de 1998. | ||
| 590 | |a Són fotocòpies. | ||
| 650 | |a Platges |x Maresme (Catalunya) |9 48979 | ||
| 650 | 0 | |a Ports |x Maresme (Catalunya) |9 48980 | |
| 700 | |a Premià de Mar. Medi Ambient |9 48981 | ||
| 710 | |a Barcelona (Catalunya : Província). |b Àrea de Medi Ambient |9 52987 | ||
| 901 | |a Arxiu | ||
| 942 | |n 1 |2 udc | ||
| 952 | |0 0 |1 0 |4 0 |6 C3405 |7 1 |9 55014 |a Arxiu |b Arxiu |d 2012-08-09 |l 0 |o C-3-405 |p 23567 |r 2016-12-01 00:00:00 |w 2016-12-01 |y ARXIU | ||
| 999 | |c 58884 |d 58884 | ||